Pasa la voz : (Record no. 22232)

000 -CABECERA
fixed length control field 00864nam a22002057a 4500
003 - IDENTIFICADOR DEL NÚMERO DE CONTROL
control field AR-CdUCM
008 - DATOS DE LONGITUD FIJA--INFORMACIÓN GENERAL
fixed length control field 190425b ||||| |||| 00| 0 spa d
040 ## - FUENTE DE LA CATALOGACIÓN
Agencia/entidad que catalogó originalmente la obra MUNICIPALIDAD PROVINCIAL DEL CUSCO
Entidad que transcribió la catalogación BIBLIOTECA MUNICIPAL DEL CUSCO
082 ## - NÚMERO DE LA CLASIFICACIÓN DECIMAL DEWEY
No. de Clasificación Pasalavoz/N°1/2006
245 ## - MENCIÓN DE TÍTULO
Título Pasa la voz :
Resto del título periódico por los niños para los niños /
Mención de responsabilidad Asociación pasa la voz
260 ## - PUBLICACIÓN, DISTRIBUCIÓN, ETC.
Lugar de publicación, distribución, etc. Cusco.
Nombre de la editorial, distribuidor, etc. Pasa la voz,
Fecha de publicación, distribución, etc. 2006.
300 ## - DESCRIPCIÓN FÍSICA
Nº de Páginas Extensión 23 páginas. :
Otros detalles físicos ilustraciones ;
Dimensiones 33 cm.
440 ## - MENCIÓN DE SERIE/PUNTO DE ACCESO ADICIONAL--TÍTULO
Título Pasa la voz.
Número de la parte/sección de una obra Año I, N°1, marzo junio 2006.
9 (RLIN) 47703
505 ## - NOTA DE CONTENIDO CON FORMATO
Nota de contenido formateada Contenido: Tradiciones cusqueñas. -- Síguenos en la ruta fantasma. -- Visita con nosotros el Diario el Sol. -- Conoce más acerca de nuestro ídolo Oscar Ibáñez.
650 ## - PUNTO DE ACCESO ADICIONAL DE MATERIA--TÉRMINO DE MATERIA
Descriptor Niños cusqueños
9 (RLIN) 47704
650 ## - PUNTO DE ACCESO ADICIONAL DE MATERIA--TÉRMINO DE MATERIA
Descriptor Folklore
9 (RLIN) 47705
710 ## - PUNTO DE ACCESO ADICIONAL--NOMBRE DE ENTIDAD CORPORATIVA
Nombre corporativo (En letras Mayúsculas) Asociación Pasa La Voz
9 (RLIN) 47706
942 ## - ELEMENTOS DE PUNTO DE ACCESO ADICIONAL (KOHA)
Fuente de clasificación
Tipo de item Revistas cusqueñas
945 ## - PROCESAMIENTO DE INFORMACIÓN LOCAL (OCLC)
Catalogador rac
Holdings
Estado de retiro (separado) Fuente de clasificación o esquema de estanterías Estado dañado Ubicación Sala donde se ubica Nombre de la colección Fecha de adquisición o compra Costo, precio normal en soles Signatura topográfica Código de Barras Última vez visto (Koha) Tipo de ítem (Koha)
No     Sala Hemeroteca Sala Hemeroteca Book Cart 2022-03-29 5.00 Pasalavoz/N°1/2006 REVC000877 2022-03-29 Revistas cusqueñas

Powered by Koha